[Event "Championship Moscow 2019"]
[Site "Moscow]
[Date "2019.03.30"]
[Round "1.10"]
[White "Zakharova, Oksana"]
[Black "Nur-Mukhametova, Alisa"]
[Result "0-1"]
[WhiteElo "1751"]
[BlackElo "2164"]
[PlyCount "82"]
[EventDate "2019.03.30"]

1. c4 e5 2. Nc3 d6 3. g3 f5 4. Bg2 Nf6 5. Nf3 g6 6. O-O Bg7 7. Rb1 O-O 8. b4 c6
9. Bb2 Be6 10. d3 h6 11. b5 g5 12. Qa4 Qc7 13. Nd2 Nfd7 14. bxc6 bxc6 15. Ba3
e4 16. Rfc1 exd3 17. exd3 Nc5 18. Qc2 Nbd7 19. Nb3 Rab8 20. Re1 Bf7 21. Rbd1
Bh5 22. Ne2 Nxb3 23. axb3 f4 24. Bh3 Ne5 25. Nd4 Bxd1 26. Qxd1 fxg3 27. hxg3
Qb6 28. Nf5 Qa5 29. Bxd6 Qxe1+ 30. Qxe1 Nf3+ 31. Kf1 Nxe1 32. Bxb8 Rxb8 33.
Kxe1 Kf8 34. Ke2 Rxb3 35. c5 a5 36. Nd6 a4 37. Nc4 a3 38. Nd2 Rb2 39. Be6 Bc3
40. Bc4 Rxd2+ 41. Ke3 a2 0-1

[Event "Championship Moscow 2019"]
[Site "Moscow]
[Date "2019.03.30"]
[Round "1.11"]
[White "Zotova, Anastasia"]
[Black "Chagina, Ulyana"]
[Result "1-0"]
[WhiteElo "2148"]
[BlackElo "1739"]
[PlyCount "65"]
[EventDate "2019.03.30"]

1. e4 e6 2. d4 d5 3. Nc3 Nf6 4. e5 Nfd7 5. f4 c5 6. Nf3 Nc6 7. Be3 Be7 8. Qd2
a6 9. dxc5 Nxc5 10. Nd4 Nxd4 11. Bxd4 b5 12. a3 Bb7 13. Be2 Rc8 14. Rd1 Bh4+
15. g3 Be7 16. Qe3 O-O 17. Rf1 Qd7 18. b4 Na4 19. Nxa4 bxa4 20. Bd3 f5 21. exf6
Bxf6 22. Kf2 Rce8 23. Kg1 Bc6 24. Bxa6 Bb5 25. Bxb5 Qxb5 26. Bc5 Rf7 27. Rfe1
Qc6 28. Qd3 Bd8 29. c4 Bc7 30. cxd5 exd5 31. Qxd5 Rxe1+ 32. Rxe1 Qb5 33. Re7
1-0

[Event "Championship Moscow 2019"]
[Site "?Ð"]
[Date "2019.03.30"]
[Round "1.12"]
[White "Khachatryan, Nadezhda"]
[Black "Kanevskaya, Anna"]
[Result "0-1"]
[WhiteElo "1738"]
[BlackElo "2136"]
[Annotator "icy"]
[PlyCount "62"]
[EventDate "2019.03.30"]

1. e4 e5 2. Nf3 Nc6 3. Nc3 d6 4. d4 exd4 5. Nxd4 Nf6 6. Be2 Be7 7. O-O O-O 8.
Be3 Re8 9. f4 Bf8 10. Bf3 Nb8 11. h3 Nbd7 12. Nb3 a5 13. a4 c6 14. Qe2 Nb6 15.
Rad1 Qc7 16. Nd4 Nfd7 17. b3 Nc5 18. Qf2 Nbd7 19. Bc1 Nf6 20. Rde1 Qb6 21. e5
Nfd7 22. exd6 Nf6 23. Rxe8 Nxe8 24. Re1 Bd7 25. Be3 Bxd6 26. Rd1 Nf6 27. Nb1
Qc7 28. Ne2 Nce4 29. Bxe4 Nxe4 30. Qf3 Re8 31. Nd4 Bc5 {Ð·Ð°Ð¿Ð¸Ñ�ÑŒ
Ð½ÐµÑ�Ñ�Ð½Ð°} 0-1

[Event "Championship Moscow 2019"]
[Site "?Ð"]
[Date "2019.03.30"]
[Round "1.13"]
[White "Gorovenko, Darya"]
[Black "Krupnova, Anna"]
[Result "1-0"]
[WhiteElo "2134"]
[BlackElo "1729"]
[PlyCount "151"]
[EventDate "2019.03.30"]

1. d4 Nf6 2. Nf3 e6 3. g3 d5 4. Bg2 Be7 5. O-O O-O 6. Nbd2 c5 7. c4 Nc6 8. cxd5
exd5 9. dxc5 Bxc5 10. Nb3 Bb6 11. Nbd4 h6 12. b3 Re8 13. Bb2 Bd7 14. Nb5 Bf5
15. Rc1 Rc8 16. Ba3 Re6 17. e3 Bg4 18. Qd3 Ne4 19. Nbd4 Re8 20. Bb2 Qe7 21.
Nxc6 bxc6 22. Ne5 Bf5 23. Nxc6 Qd6 24. Bxe4 Bxe4 25. Qb5 Qe6 26. Rfe1 Qf5 27.
f4 Bd3 28. Ne7+ Rxe7 29. Rxc8+ Kh7 30. Qb4 Rxe3 31. Rh8+ Kg6 32. Qxb6+ axb6 33.
Rxe3 Be4 34. Re8 Qh3 35. R8xe4 dxe4 36. Rxe4 Qf5 37. Re2 Qd3 38. Kf2 f6 39. Bc1
Qd5 40. Be3 Qh1 41. Bxb6 Qxh2+ 42. Kf3 Qh1+ 43. Kf2 Kf5 44. a4 Kg4 45. Re3 Qh2+
46. Ke1 h5 47. a5 h4 48. gxh4 Qxh4+ 49. Kd2 Qh2+ 50. Kc3 Qa2 51. Re4 Qa1+ 52.
Kb4 f5 53. Rc4 Qa2 54. Bc7 g6 55. Be5 Kh4 56. Rc7 Qd2+ 57. Kb5 Qd3+ 58. Ka4 Qd5
59. b4 Kg4 60. a6 g5 61. Rg7 Kf3 62. Rxg5 Qd7+ 63. b5 Qd1+ 64. Kb4 Qd2+ 65. Kc5
Ke4 66. Rg7 Qf2+ 67. Kc6 Qc2+ 68. Kb7 Qc5 69. b6 Qd5+ 70. Ka7 Qc5 71. Rc7 Qe3
72. Kb7 Qb3 73. a7 Qd5+ 74. Rc6 Qd7+ 75. Bc7 Kd5 76. Rd6+ 1-0

[Event "Championship Moscow 2019"]
[Site "?Ð"]
[Date "2019.03.31"]
[Round "2.13"]
[White "Kurdakov, Yuri"]
[Black "Makarian, Rudik"]
[Result "0-1"]
[WhiteElo "2144"]
[BlackElo "2358"]
[PlyCount "80"]
[EventDate "2019.03.30"]

1. d4 Nf6 2. Nf3 e6 3. Bg5 h6 4. Bh4 b6 5. e3 Bb7 6. Nc3 Be7 7. Bd3 d6 8. e4
Nbd7 9. Qe2 Nh5 10. Bg3 c5 11. Ba6 Bxa6 12. Qxa6 cxd4 13. Nxd4 Qc8 14. Qe2 Nxg3
15. hxg3 a6 16. a4 Bf6 17. Qd2 Ne5 18. Nce2 O-O 19. c3 Qb7 20. Qc2 b5 21. axb5
axb5 22. O-O b4 23. c4 Rac8 24. b3 Nd7 25. Rad1 Nc5 26. Nb5 Qxe4 27. Qxe4 Nxe4
28. Nxd6 Nxd6 29. Rxd6 Rfd8 30. Rfd1 Rxd6 31. Rxd6 Ra8 32. Rb6 Ra2 33. Nf4 Bd4
34. Rb8+ Kh7 35. Rxb4 Rxf2 36. Kh2 e5 37. Nd5 f5 38. Rb7 Rf1 39. b4 Rc1 40. Rc7
Bg1+ 0-1

[Event "Championship Moscow 2019"]
[Site "?Ð"]
[Date "2019.03.31"]
[Round "2.14"]
[White "Smirnov, Timofey"]
[Black "Paldyaev, Vladislav"]
[Result "1-0"]
[WhiteElo "2347"]
[BlackElo "1756"]
[PlyCount "131"]
[EventDate "2019.03.30"]

1. e4 Nf6 2. e5 Nd5 3. c4 Nb6 4. d4 e6 5. Nc3 d6 6. exd6 cxd6 7. Nf3 Be7 8. Bd3
Nc6 9. O-O Bf6 10. Be3 h6 11. d5 Ne5 12. Nxe5 Bxe5 13. f4 Bf6 14. dxe6 Bxe6 15.
Ne4 O-O 16. Nxf6+ Qxf6 17. b3 Rfe8 18. Qf3 Re7 19. Qf2 Bf5 20. Bd4 Qg6 21. Bxf5
Qxf5 22. Rae1 Re6 23. Rxe6 fxe6 24. a4 Nd7 25. Bxa7 Qd3 26. Qe3 Qxe3+ 27. Bxe3
Kf7 28. Rd1 Ke7 29. Bd4 g6 30. Bg7 Nc5 31. Rb1 h5 32. Kf2 e5 33. fxe5 dxe5 34.
Ke2 Ke6 35. Bh6 g5 36. Bxg5 Ne4 37. Bd2 Rf8 38. Be1 Rg8 39. Kf3 Kf5 40. a5 Rd8
41. h3 Nc5 42. b4 e4+ 43. Ke2 Nd3 44. Bd2 Ne5 45. Rf1+ Ke6 46. c5 Rd3 47. Rf4
Kd5 48. Rf5 Kd4 49. Bf4 Nc6 50. b5 Nxa5 51. Rxh5 Rb3 52. Be5+ Kc4 53. g4 Kxb5
54. g5 Nc4 55. Bf6 Rg3 56. Rh4 e3 57. Rg4 Rxh3 58. Rg2 Rh7 59. g6 Rd7 60. g7
Rd2+ 61. Kf3 Rd1 62. g8=Q Rf1+ 63. Ke4 Rxf6 64. Qe8+ Kb4 65. Qd7 Nd2+ 66. Kd3
1-0

[Event "Championship Moscow 2019"]
[Site "?Ð"]
[Date "2019.03.31"]
[Round "2.15"]
[White "Muraseev, Vasilii"]
[Black "Gubajdullin, Alexei"]
[Result "0-1"]
[WhiteElo "1444"]
[BlackElo "2344"]
[PlyCount "56"]
[EventDate "2019.03.30"]

1. Nf3 c5 2. g3 Nc6 3. Bg2 e5 4. d3 g6 5. b3 Bg7 6. Bb2 Nge7 7. c4 O-O 8. Qc2
Nd4 9. Nxd4 exd4 10. O-O Nf5 11. Nd2 Re8 12. Rae1 d6 13. Ne4 Bd7 14. Bc1 h6 15.
h3 Bc6 16. a3 Rc8 17. Bd2 d5 18. Nxc5 dxc4 19. Nxb7 Qb6 20. Na5 Bxg2 21. Kxg2
c3 22. Nc4 cxd2 23. Qxd2 Qxb3 24. g4 Nh4+ 25. Kg3 Qb8+ 26. f4 Rxc4 27. dxc4
Re3+ 28. Kh2 Qb3 0-1

[Event "Championship Moscow 2019"]
[Site "?Ð"]
[Date "2019.03.31"]
[Round "2.16"]
[White "Chudinovskikh, Alexander M"]
[Black "Kireev, Igor"]
[Result "1-0"]
[WhiteElo "2206"]
[BlackElo "1673"]
[Annotator "icy"]
[PlyCount "41"]
[EventDate "2019.03.30"]

1. d4 d5 2. Bf4 c5 3. e3 Nc6 4. Nf3 Bf5 5. c3 e6 6. Bb5 Bd6 7. dxc5 Bxf4 8.
exf4 Nge7 9. O-O O-O 10. Nbd2 Qc7 11. Qa4 a6 12. Bxc6 Nxc6 13. g3 Na5 14. Ne5
Rfd8 15. b4 Nc4 16. Ndxc4 dxc4 17. Nxc4 b5 18. Qa5 Qb7 19. Rfd1 Rdc8 20. Nd6
Qf3 21. Nxc8 1-0

[Event "Championship Moscow 2019"]
[Site "?Ð"]
[Date "2019.03.31"]
[Round "2.17"]
[White "Trofimovsky, Alexander"]
[Black "Zakhartsov, Vladimir"]
[Result "1/2-1/2"]
[WhiteElo "2031"]
[BlackElo "2503"]
[PlyCount "102"]
[EventDate "2019.03.30"]

1. c4 e5 2. Nc3 Nf6 3. Nf3 Nc6 4. e4 Bc5 5. Nxe5 Nxe5 6. d4 Bb4 7. dxe5 Nxe4 8.
Qd4 Nxc3 9. bxc3 Be7 10. c5 O-O 11. Bc4 d6 12. cxd6 cxd6 13. Bf4 dxe5 14. Bxe5
Qxd4 15. Bxd4 Bf6 16. O-O-O Bxd4 17. Rxd4 Bf5 18. Re1 Rfe8 19. Rxe8+ Rxe8 20.
Bb5 Rf8 21. Bd7 Bg6 22. f4 Rd8 23. g4 h5 24. h3 Kf8 25. f5 Bh7 26. Kd2 Bg8 27.
f6 gxf6 28. Bf5 Rb8 29. Rd7 a5 30. gxh5 Kg7 31. Be4 b6 32. Bd5 Kh6 33. Bxf7
Bxf7 34. Rxf7 Rd8+ 35. Ke3 Rd6 36. Kf4 b5 37. Kf5 Rd5+ 38. Kxf6 Rc5 39. Ra7 a4
40. Rb7 a3 41. Rb8 Kh7 42. Rb7+ Kh6 43. Rb8 Rc6+ 44. Ke5 Rxc3 45. Rb6+ Kxh5 46.
Rxb5 Rc2 47. Ra5 Rxa2 48. Kd4+ Kh4 49. Kc3 Rh2 50. Rxa3 Rxh3+ 51. Kb2 Rxa3
1/2-1/2

[Event "Championship Moscow 2019"]
[Site "?Ð"]
[Date "2019.03.31"]
[Round "2.18"]
[White "Pak, Nikita"]
[Black "Yeletsky, Ivan"]
[Result "0-1"]
[WhiteElo "1916"]
[BlackElo "2409"]
[PlyCount "54"]
[EventDate "2019.03.30"]

1. e4 c5 2. Nf3 d6 3. d4 cxd4 4. Nxd4 Nf6 5. Nc3 a6 6. Be2 Nbd7 7. Be3 e6 8.
O-O Qc7 9. f4 b5 10. f5 e5 11. Nb3 Bb7 12. Bf3 Rc8 13. Rc1 Be7 14. a3 Nb6 15.
Bxb6 Qxb6+ 16. Kh1 h5 17. Qe2 h4 18. Qf2 Bd8 19. Rcd1 Rc6 20. Nd5 Nxd5 21. Rxd5
h3 22. c3 hxg2+ 23. Bxg2 Qxf2 24. Rxf2 Ke7 25. Rfd2 Rh4 26. Nc5 Rxc5 27. Rxd6
Bc7 0-1

[Event "Championship Moscow 2019"]
[Site "?Ð"]
[Date "2019.03.31"]
[Round "2.19"]
[White "Zhukov, Anton"]
[Black "Yeritsyan, Aram"]
[Result "1/2-1/2"]
[WhiteElo "2076"]
[BlackElo "2325"]
[PlyCount "134"]
[EventDate "2019.03.30"]

1. d4 Nf6 2. c4 e6 3. Nf3 b6 4. g3 Ba6 5. b3 Bb7 6. Bg2 Bb4+ 7. Bd2 c5 8. O-O
O-O 9. Qc2 Nc6 10. dxc5 bxc5 11. Be3 d6 12. Rd1 Qe7 13. Nc3 Bxc3 14. Qxc3 Rfd8
15. Bg5 h6 16. Bxf6 Qxf6 17. Qxf6 gxf6 18. Nd2 Kf8 19. Ne4 Ke7 20. Rd2 f5 21.
Nc3 Rab8 22. e3 Ne5 23. Bxb7 Rxb7 24. Kg2 a6 25. Rad1 Rbd7 26. h3 Rg8 27. Ne2
Ng6 28. Nf4 Nxf4+ 29. exf4 h5 30. Kf3 a5 31. Rd3 a4 32. Ke3 axb3 33. axb3 Ra8
34. f3 Rg8 35. Kf2 Rb8 36. g4 fxg4 37. fxg4 hxg4 38. hxg4 Rb6 39. Re1 Ra7 40.
f5 Ra2+ 41. Kf3 Rb2 42. Ree3 Kf6 43. fxe6 fxe6 44. Kf4 Rf2+ 45. Kg3 Rf1 46.
Rf3+ Rxf3+ 47. Kxf3 Ke7 48. Kf4 Rb8 49. g5 Rf8+ 50. Ke4 Rh8 51. Rg3 Rh4+ 52.
Ke3 Rh7 53. Ke4 Rf7 54. Rh3 Rg7 55. Rg3 Kd7 56. Rg1 Rg8 57. Rg3 Ke7 58. Rg2 Re8
59. Rf2 Rf8 60. Rh2 Rf7 61. Rh3 Rg7 62. Rg3 Rg6 63. Rg1 Kf7 64. Rf1+ Ke7 65.
Rg1 Rg8 66. Rg2 Rb8 67. Rg3 Kf7 1/2-1/2

[Event "Championship Moscow 2019"]
[Site "?Ð"]
[Date "2019.03.31"]
[Round "2.20"]
[White "Tunik, Sergey"]
[Black "Zverev, Lev"]
[Result "1-0"]
[WhiteElo "2167"]
[BlackElo "1703"]
[PlyCount "85"]
[EventDate "2019.03.30"]

1. d4 d5 2. c4 e6 3. Nc3 c6 4. e4 dxe4 5. Nxe4 Bb4+ 6. Bd2 Qxd4 7. Bxb4 Qxe4+
8. Be2 Na6 9. Ba5 b6 10. Qd6 Bd7 11. Bc3 Ne7 12. O-O-O Rd8 13. Bxg7 Nf5 14. Qe5
Qxe5 15. Bxe5 Rg8 16. Bf6 Ne7 17. Bf3 Rg6 18. Bc3 c5 19. Ne2 Bc6 20. Nf4 Rxd1+
21. Bxd1 Rg8 22. Re1 Nb4 23. Kb1 Kd7 24. a3 Na6 25. g4 b5 26. Nh5 Kc8 27. Nf6
Rd8 28. Kc1 b4 29. Be5 h6 30. Bc2 Ng6 31. Bxg6 fxg6 32. Rd1 Rxd1+ 33. Kxd1 bxa3
34. bxa3 Nb8 35. Bxb8 Kxb8 36. Ke2 Kc7 37. Ke3 e5 38. h4 Bd7 39. Nxd7 Kxd7 40.
Ke4 Ke6 41. h5 g5 42. a4 a6 43. a5 1-0

[Event "Championship Moscow 2019"]
[Site "?Ð"]
[Date "2019.03.31"]
[Round "2.21"]
[White "Makarenko, Aleksandr"]
[Black "Usov, Aleksandr E"]
[Result "0-1"]
[WhiteElo "2215"]
[BlackElo "1627"]
[PlyCount "106"]
[EventDate "2019.03.30"]

1. e4 c6 2. d4 d5 3. exd5 cxd5 4. Bd3 Nc6 5. c3 Qc7 6. Ne2 Bg4 7. f3 Bh5 8. Bf4
Qd7 9. O-O e6 10. Nd2 Bd6 11. Nb3 Bxf4 12. Nxf4 Bg6 13. Nc5 Qc7 14. Qd2 Bxd3
15. Ncxd3 Nf6 16. Rae1 O-O 17. Ne2 Nd7 18. Ng3 Rfe8 19. f4 f5 20. Ne5 Ndxe5 21.
fxe5 g6 22. Ne2 b5 23. b4 a5 24. a3 a4 25. Nf4 Na7 26. Nd3 Nc8 27. Nc5 Nb6 28.
Rf3 Nc4 29. Qc1 Qe7 30. Rh3 Ra7 31. Rf1 Qd8 32. g4 Rg7 33. Kh1 Qe7 34. Rh6 Rf8
35. gxf5 Rxf5 36. Rxf5 exf5 37. Rh3 Rf7 38. e6 Rf8 39. Qh6 f4 40. Rf3 Nxa3 41.
Rxf4 Nc4 42. Nd7 Rxf4 43. Qxf4 a3 44. Qb8+ Kg7 45. Qa8 h5 46. Nc5 Qf6 47. Qb7+
Kh6 48. Kg1 a2 49. Nb3 Qg5+ 50. Kf2 Qe3+ 51. Kg2 Qe2+ 52. Kg3 h4+ 53. Kxh4 Qf2+
0-1

[Event "Championship Moscow 2019"]
[Site "?Ð"]
[Date "2019.03.31"]
[Round "2.22"]
[White "Teiitbaev, Aktilek"]
[Black "Bezhenar, Georgy"]
[Result "0-1"]
[WhiteElo "2193"]
[BlackElo "1953"]
[PlyCount "50"]
[EventDate "2019.03.30"]

1. e4 e6 2. d4 d5 3. e5 c5 4. c3 Nc6 5. Nf3 Qb6 6. Bd3 cxd4 7. cxd4 Bd7 8. O-O
Nxd4 9. Nbd2 Nc6 10. Nb3 Nge7 11. Bf4 Ng6 12. Bg3 Nb4 13. Bb1 Bb5 14. Re1 Qa6
15. Re3 Rc8 16. a3 Nc6 17. Nbd2 Bc5 18. Rc3 Bb6 19. b4 Be2 20. Qb3 O-O 21. Bd3
Bxd3 22. Rxd3 Nxb4 23. Rc3 Rxc3 24. Qxc3 Nd3 25. Rd1 Ngf4 0-1

[Event "Championship Moscow 2019"]
[Site "?Ð"]
[Date "2019.03.31"]
[Round "2.23"]
[White "Trusov, Mikhail"]
[Black "Tarasov, Danila"]
[Result "1-0"]
[WhiteElo "2143"]
[BlackElo "1934"]
[Annotator "icy"]
[PlyCount "66"]
[EventDate "2019.03.30"]

1. Nf3 c5 2. c4 Nc6 3. Nc3 g6 4. g3 Bg7 5. Bg2 d6 6. O-O e6 7. d3 Nge7 8. e4
O-O 9. Be3 a6 10. d4 cxd4 11. Nxd4 Qc7 12. Rc1 Nxd4 13. Bxd4 Bh6 14. Bf6 Re8
15. b3 Bd7 16. Rc2 Rac8 17. Rd2 e5 18. Bxe7 Bxd2 19. Nd5 Qa5 20. Nf6+ Kg7 21.
Nxe8+ Rxe8 22. Bxd6 Qxa2 23. Qe2 Qa5 24. Rd1 Bc3 25. Bxe5+ Bxe5 26. Rxd7 Qb6
27. Qf3 Rf8 28. Qd3 Qc6 29. Bf1 b6 30. b4 a5 31. Rd5 Bc7 32. b5 Qf6 33. f4 Qb2
{Ð·Ð°Ð¿Ð¸Ñ�ÑŒ Ð½ÐµÑ�Ñ�Ð½Ð°} 1-0

[Event "Championship Moscow 2019"]
[Site "?Ð"]
[Date "2019.03.31"]
[Round "2.25"]
[White "Spichkin, Alexander"]
[Black "Anisimov, Yuri"]
[Result "1-0"]
[WhiteElo "2106"]
[BlackElo "1919"]
[PlyCount "99"]
[EventDate "2019.03.30"]

1. d4 Nf6 2. Bg5 c5 3. Nc3 cxd4 4. Qxd4 Nc6 5. Qh4 d6 6. O-O-O Be6 7. e4 Qa5 8.
a3 O-O-O 9. Nf3 a6 10. Nd4 Nxd4 11. Rxd4 h6 12. Bxf6 gxf6 13. Nd5 Kb8 14. Be2
f5 15. Nxe7 fxe4 16. Rb4 Bxe7 17. Qxe7 Rd7 18. Qf6 Rc8 19. Rd1 Rdc7 20. Rd2 Qc5
21. Bxa6 Ka7 22. Be2 e3 23. fxe3 Qxe3 24. Qd4+ Qxd4 25. Rbxd4 d5 26. Bf3 Re7
27. Bxd5 Bf5 28. c3 Re1+ 29. Rd1 Re2 30. R4d2 Rxd2 31. Rxd2 Re8 32. Rf2 Bg6 33.
Kd2 Rd8 34. c4 b5 35. Kc3 bxc4 36. Bxc4 Rd7 37. Rf6 Re7 38. a4 Re3+ 39. Kb4 Re4
40. a5 h5 41. Rd6 Bf5 42. Kc5 Bg6 43. Rd7+ Kb8 44. a6 Bf5 45. a7+ Kc8 46. Rxf7
Re5+ 47. Kb6 Be4 48. Rf8+ Kd7 49. Bb5+ Ke7 50. Re8+ 1-0

[Event "Championship Moscow 2019"]
[Site "?Ð"]
[Date "2019.03.31"]
[Round "2.26"]
[White "Alekseev, Mikhail"]
[Black "Khudyakov, Stanislav"]
[Result "0-1"]
[WhiteElo "1879"]
[BlackElo "2106"]
[PlyCount "46"]
[EventDate "2019.03.30"]

1. d4 Nf6 2. Nf3 d5 3. c4 c6 4. Nc3 dxc4 5. Ne5 b5 6. g3 e6 7. Bg2 Nd5 8. O-O
Bb7 9. e4 Nxc3 10. bxc3 Nd7 11. f4 Nf6 12. f5 Be7 13. fxe6 fxe6 14. Bh3 O-O 15.
Bxe6+ Kh8 16. Nf7+ Rxf7 17. Bxf7 Nxe4 18. Qe1 c5 19. d5 Bxd5 20. Bxd5 Qxd5 21.
Be3 Bf6 22. Rd1 Qc6 23. Bd2 Re8 0-1

[Event "Championship Moscow 2019"]
[Site "?Ð"]
[Date "2019.03.31"]
[Round "2.5"]
[White "Miroshnik, Ekaterina"]
[Black "Borisova, Ekaterina"]
[Result "1/2-1/2"]
[WhiteElo "2039"]
[BlackElo "2255"]
[PlyCount "87"]
[EventDate "2019.03.30"]

1. d4 d5 2. c4 c6 3. e3 Nf6 4. Nf3 e6 5. Bd3 Nbd7 6. O-O dxc4 7. Bxc4 b5 8. Be2
Bb7 9. b3 a6 10. Bb2 Bd6 11. Nbd2 Qe7 12. a4 O-O 13. Ne5 Rfd8 14. Qc2 Rac8 15.
Bf3 Nd5 16. Nxd7 Rxd7 17. Ne4 c5 18. dxc5 Bxc5 19. Qe2 b4 20. Rac1 Bb6 21.
Rxc8+ Bxc8 22. Rc1 Bb7 23. Nd2 f6 24. Nc4 Bc5 25. h4 Qd8 26. Qc2 Bf8 27. Rd1
Ne7 28. Rxd7 Qxd7 29. Nb6 Qd8 30. Bxb7 Qxb6 31. Be4 f5 32. Bd4 Qd6 33. Bc5 Qc7
34. Bxb4 Qb8 35. Bxe7 Bxe7 36. Bd3 Qd8 37. Bc4 Qe8 38. Qd3 Kf7 39. f4 Qc8 40.
h5 g6 41. hxg6+ hxg6 42. Kf2 g5 43. g3 gxf4 44. gxf4 1/2-1/2

[Event "Championship Moscow 2019"]
[Site "?Ð"]
[Date "2019.03.31"]
[Round "2.6"]
[White "Diakonova, Ekaterina"]
[Black "Kasaeva, Sofiia"]
[Result "1-0"]
[WhiteElo "2239"]
[BlackElo "1960"]
[PlyCount "107"]
[EventDate "2019.03.30"]

1. e4 c5 2. Nf3 e6 3. c4 Qc7 4. Nc3 a6 5. Be2 d6 6. d4 cxd4 7. Nxd4 Nf6 8. Be3
Nbd7 9. O-O Be7 10. Rc1 b6 11. f3 Bb7 12. b4 O-O 13. a3 Rac8 14. Qe1 Rfe8 15.
Qf2 Qb8 16. g4 Ne5 17. Na4 d5 18. Nxb6 dxe4 19. Nxc8 Rxc8 20. f4 Nexg4 21. Bxg4
Nxg4 22. Qe2 Nxe3 23. Qxe3 Bf6 24. Nb3 e5 25. f5 h6 26. Rc2 Bg5 27. Qe2 Qd6 28.
Rd1 Be3+ 29. Kf1 Bd4 30. Na5 Ba8 31. c5 Qf6 32. Qg4 Bd5 33. Nc4 e3 34. Ke2 h5
35. Qxh5 Be4 36. Rcc1 Bxf5 37. Nxe3 Bxe3 38. Kxe3 Bg6 39. Qg4 Bf5 40. Qg3 Qe6
41. Rd2 Qh6+ 42. Ke2 Qc6 43. Kf2 Qf6 44. Kg1 Qh6 45. Rcd1 e4 46. Rd6 Qh5 47.
R1d5 g6 48. c6 Kh7 49. Rc5 Qe2 50. c7 Qb2 51. Rxf5 gxf5 52. Qh4+ Kg8 53. Rd8+
Kg7 54. Qh8+ 1-0

[Event "Championship Moscow 2019"]
[Site "?Ð"]
[Date "2019.03.31"]
[Round "2.7"]
[White "Strukova, Ksenia"]
[Black "Utiatskaja, Irina"]
[Result "0-1"]
[WhiteElo "1919"]
[BlackElo "2214"]
[PlyCount "62"]
[EventDate "2019.03.30"]

1. e4 e6 2. d4 d5 3. exd5 exd5 4. Bd3 c5 5. dxc5 Bxc5 6. Nf3 Nf6 7. O-O O-O 8.
c3 Nc6 9. Nbd2 Bg4 10. Nb3 Bb6 11. h3 Bh5 12. Bf4 Re8 13. Be2 Ne4 14. Nbd4 Qf6
15. Be3 Rad8 16. Nxc6 bxc6 17. Bxb6 axb6 18. Nd4 Bxe2 19. Nxe2 c5 20. a4 h6 21.
Qd3 d4 22. cxd4 cxd4 23. b4 Nc3 24. Ng3 Nd5 25. Qd2 d3 26. a5 bxa5 27. bxa5 Nc3
28. Rfe1 Ne2+ 29. Nxe2 Rxe2 30. Rxe2 dxe2 31. Qe1 Qxa1 0-1

[Event "Championship Moscow 2019"]
[Site "?Ð"]
[Date "2019.03.31"]
[Round "2.8"]
[White "Dumcheva, Julia"]
[Black "Zaitseva, Lyudmila"]
[Result "0-1"]
[WhiteElo "2168"]
[BlackElo "1926"]
[PlyCount "98"]
[EventDate "2019.03.30"]

1. e4 e6 2. d4 d5 3. Nc3 Bb4 4. e5 c5 5. a3 Bxc3+ 6. bxc3 Ne7 7. h4 Qc7 8. Nf3
b6 9. Bd3 Ba6 10. O-O Bxd3 11. Qxd3 c4 12. Qe3 Nf5 13. Qf4 h5 14. Ng5 Nc6 15.
a4 O-O-O 16. Ba3 Qd7 17. Rfe1 Rde8 18. Nf3 f6 19. Reb1 Reg8 20. a5 Nxa5 21. Bc5
Nc6 22. exf6 gxf6 23. Ra6 Qb7 24. Rba1 Qg7 25. g3 Qg4 26. Bd6 Kd7 27. Be5 Rg6
28. Kf1 Rc8 29. Bxf6 Qxf4 30. gxf4 Rxf6 31. Ne5+ Kc7 32. Nxc6 Kxc6 33. Rxa7
Nxh4 34. Rh7 Nf5 35. Rxh5 Rh6 36. Rxh6 Nxh6 37. Ke2 Nf5 38. Kf3 Nd6 39. Rh1 Ne4
40. Rh6 Kd7 41. Rh7+ Kd6 42. Rh6 Rf8 43. Ke3 Nxc3 44. Rh7 Rf6 45. Rb7 Kc6 46.
Rb8 Ne4 47. Rc8+ Kd7 48. Rb8 Kc7 49. Re8 Nd6 0-1

[Event "Championship Moscow 2019"]
[Site "?Ð"]
[Date "2019.03.31"]
[Round "2.9"]
[White "Zakharova, Evgenia"]
[Black "Korchagina, Alena"]
[Result "1/2-1/2"]
[WhiteElo "1892"]
[BlackElo "2167"]
[PlyCount "69"]
[EventDate "2019.03.30"]

1. c4 g6 2. Nc3 Bg7 3. d4 d6 4. e4 c5 5. d5 Nf6 6. Be2 b5 7. cxb5 a6 8. a4 O-O
9. Be3 axb5 10. Bxb5 Qa5 11. f3 Ba6 12. Kf2 Bxb5 13. Nxb5 Nfd7 14. Bd2 Qb6 15.
Bc3 c4+ 16. Nd4 Ne5 17. Nge2 Nd3+ 18. Kg3 Nd7 19. Rf1 N7c5 20. Nc6 Bxc3 21.
Nxe7+ Kg7 22. bxc3 Qd8 23. Nc6 Qg5+ 24. Kh3 f5 25. g3 fxe4 26. f4 Qxd5 27. Ned4
Ra6 28. Nb4 Nxb4 29. cxb4 Nd3 30. Nc2 Qe6+ 31. Kg2 d5 32. Qe2 Qf6 33. b5 Raa8
34. Ne3 c3 35. Nc2 1/2-1/2

[Event "Championship Moscow 2019"]
[Site "?Ð"]
[Date "2019.03.31"]
[Round "2.10"]
[White "Nur-Mukhametova, Alisa"]
[Black "Davydova, Kira"]
[Result "0-1"]
[WhiteElo "2164"]
[BlackElo "1901"]
[PlyCount "106"]
[EventDate "2019.03.30"]

1. Nf3 d5 2. g3 Nf6 3. Bg2 c6 4. O-O Bg4 5. d3 Nbd7 6. h3 Bh5 7. Nbd2 e5 8. e4
dxe4 9. dxe4 Be7 10. b3 Qc7 11. Bb2 O-O 12. Qe2 Rfe8 13. Rfe1 Bf8 14. Rad1 Rad8
15. Nf1 Bb4 16. c3 Bf8 17. b4 b5 18. Bc1 Nb6 19. Bg5 Be7 20. g4 Bg6 21. Ng3 Nc4
22. Nf5 h6 23. Bh4 Bxf5 24. Rxd8 Bxd8 25. exf5 Nd5 26. Bg3 Nxc3 27. Qd3 Nd5 28.
Nd4 Nxb4 29. Qb1 Qd7 30. Nf3 Ba5 31. Nxe5 Nxe5 32. Rxe5 Rxe5 33. Bxe5 Qd2 34.
Qe4 Nxa2 35. Kh2 Nb4 36. Bf4 Qd7 37. f6 Qe6 38. Qd4 Qxf6 39. Be5 Bc7 40. f4
Bxe5 41. fxe5 Qe7 42. Be4 c5 43. Qc3 a5 44. Qg3 Qc7 45. g5 hxg5 46. Qxg5 Nc6
47. Bxc6 Qxc6 48. Qd8+ Kh7 49. Qxa5 c4 50. Qe1 Qd5 51. Qh4+ Kg8 52. Qf4 c3 53.
Kg3 Qd2 0-1

[Event "Championship Moscow 2019"]
[Site "?Ð"]
[Date "2019.03.31"]
[Round "2.11"]
[White "Dunayskaya, Dominika"]
[Black "Zotova, Anastasia"]
[Result "0-1"]
[WhiteElo "1222"]
[BlackElo "2148"]
[PlyCount "74"]
[EventDate "2019.03.30"]

1. e4 c5 2. d4 cxd4 3. Nf3 d6 4. Nxd4 Nf6 5. Nc3 a6 6. Bc4 e6 7. O-O Be7 8. Bg5
O-O 9. Re1 b5 10. Bd3 Qc7 11. a3 Nbd7 12. Nf3 Bb7 13. Re2 Rac8 14. Rb1 Rfd8 15.
Qe1 Qb8 16. b4 Qc7 17. Bxf6 Bxf6 18. Na2 Nb6 19. Nd2 Nc4 20. Bxc4 bxc4 21. c3
e5 22. Nf3 d5 23. exd5 Rxd5 24. Nd2 Rcd8 25. Ne4 Be7 26. Rd2 f5 27. Rxd5 Rxd5
28. Ng3 Qd7 29. Nf1 Bg5 30. Qe2 Qd6 31. f3 h6 32. Rd1 Qb6+ 33. Kh1 Rxd1 34.
Qxd1 Qf2 35. Nc1 e4 36. Qe2 Qxe2 37. Nxe2 exf3 0-1

[Event "Championship Moscow 2019"]
[Site "?Ð"]
[Date "2019.03.31"]
[Round "2.13"]
[White "Chagina, Ulyana"]
[Black "Smirnova, Ekaterina"]
[Result "1/2-1/2"]
[WhiteElo "1739"]
[BlackElo "2178"]
[PlyCount "63"]
[EventDate "2019.03.30"]

1. d4 d5 2. c4 c6 3. Nf3 Nf6 4. e3 Bg4 5. h3 Bh5 6. Nc3 e6 7. g4 Bg6 8. Ne5
Nbd7 9. Nxg6 hxg6 10. Rb1 a5 11. a3 Be7 12. g5 Nh5 13. h4 Qc7 14. cxd5 exd5 15.
Qc2 Qd6 16. b4 axb4 17. axb4 b5 18. Bxb5 cxb5 19. Nxb5 Qb8 20. Nc7+ Kf8 21.
Nxa8 Qxa8 22. Rh3 Kg8 23. Rf3 f5 24. Bd2 Kh7 25. Qc7 Rd8 26. b5 Qa2 27. Rc1 Qb2
28. Qc6 Qb3 29. Ke2 Qb2 30. Ke1 Qb3 31. Ke2 Qb2 32. Ke1 1/2-1/2

[Event "Championship Moscow 2019"]
[Site "Moscow]
[Date "2019.04.01"]
[Round "3.1"]
[White "Popov, Ivan"]
[Black "Geivondian, Arman"]
[Result "1-0"]
[WhiteElo "2581"]
[BlackElo "2388"]
[PlyCount "69"]
[EventDate "2019.??.??"]
[WhiteClock "0:00:45"]
[BlackClock "0:13:20"]

1. e4 e6 2. d4 d5 3. Nc3 Nf6 4. Bg5 dxe4 5. Nxe4 Nbd7 6. Nf3 h6 7. Bxf6 Nxf6 8.
Bd3 Bd7 9. Ne5 Bd6 10. Qd2 Qe7 11. O-O Nxe4 12. Bxe4 Bxe5 13. dxe5 O-O-O 14.
Qe3 Kb8 15. a4 Bc8 16. a5 c5 17. Bf3 a6 18. Ra3 Qc7 19. Rfa1 Rd4 20. c3 Rd7 21.
Rb3 Rhd8 22. g3 Rd3 23. Qe2 c4 24. Rb4 R8d5 25. Bxd5 exd5 26. Rb6 Bf5 27. Rd6
Be4 28. Qg4 Bf3 29. Qxg7 Qxa5 30. Rf1 Ka7 31. Qxf7 Qc5 32. Rf6 Be2 33. Re1 Bg4
34. e6 d4 35. e7 1-0